Regionalbahnhöfe Brandenburg - Statistiken

Allgemein
  • Dieses Quiz wurde 8 mal gespielt
  • Das Durchschnittsergebnis liegt bei 52 aus 315
Antwortstatistiken
Landkreis Station % Korrekt
Potsdam Potsdam Hbf
100%
Brandenburg Brandenburg Hbf
75%
Cottbus Cottbus Hbf
75%
Barnim Eberswalde Hbf
75%
Oder-Spree Eisenhüttenstadt
75%
Frankfurt Frankfurt (Oder)
75%
Oder-Spree Fürstenwalde (Spree)
75%
Potsdam-Mittelmark Golm
75%
Teltow-Fläming Jüterbog
75%
Uckermark Prenzlau
75%
Uckermark Schwedt (Oder)
75%
Märkisch-Oderland Strausberg
75%
Potsdam-Mittelmark Werder (Havel)
75%
Uckermark Angermünde
50%
Potsdam-Mittelmark Bad Belzig
50%
Oder-Spree Beeskow
50%
Barnim Bernau (b Bln)
50%
Barnim Biesenthal
50%
Barnim Britz
50%
Uckermark Casekow
50%
Barnim Chorin
50%
Havelland Dallgow-Döberitz
50%
Ostprignitz-Ruppin Dosse (Prignitz)
50%
Elbe-Elster Elsterwerda
50%
Oder-Spree Erkner
50%
Elbe-Elster Falkenberg (Elster)
50%
Märkisch-Oderland Falkenberg (Mark)
50%
Havelland Falkensee
50%
Oder-Spree Fangschleuse
50%
Dahme-Spreewald Flughafen BER
50%
Spree-Neiße Forst (Lausitz)
50%
Elbe-Elster Herzberg (Elster)
50%
Ostprignitz-Ruppin Herzberg (Mark)
50%
Barnim Joachimsthal
50%
Dahme-Spreewald Königs Wusterhausen
50%
Ostprignitz-Ruppin Kyritz
50%
Oberhavel Löwenberg (Mark)
50%
Oberspreewald-Lausitz Lübbenau (Spreewald)
50%
Dahme-Spreewald Lübben (Spreewald)
50%
Havelland Nauen
50%
Uckermark Nechlin
50%
Barnim Niederfinow
50%
Oberhavel Oranienburg
50%
Prignitz Perleberg
50%
Uckermark Pinnow (Uckermark)
50%
Havelland Priort
50%
Prignitz Pritzwalk
50%
Havelland Rathenow
50%
Uckermark Seehausen (Uckermark)
50%
Märkisch-Oderland Seelow (Mark)
50%
Oberspreewald-Lausitz Senftenberg
50%
Potsdam-Mittelmark Teltow
50%
Uckermark Templin
50%
Uckermark Templin-Stadt
50%
Uckermark Warnitz (Uckermark)
50%
Barnim Werneuchen
50%
Uckermark Wilmersdorf (b Angermünde)
50%
Prignitz Wittenberge
50%
Ostprignitz-Ruppin Wittstock (Dosse)
50%
Ostprignitz-Ruppin Wusterhausen (Dosse)
50%
Havelland Wustermark
50%
Barnim Ahrensfelde Friedhof
25%
Barnim Ahrensfelde Nord
25%
Märkisch-Oderland Bad Freienwalde (Oder)
25%
Elbe-Elster Bad Liebenwerda
25%
Oder-Spree Bad Saarow
25%
Oder-Spree Bad Saarow Klinikum
25%
Teltow-Fläming Baruth (Mark)
25%
Potsdam-Mittelmark Beelitz Stadt
25%
Oberhavel Birkenwerder (b Bln)
25%
Teltow-Fläming Blankenfelde (Teltow-Fläming)
25%
Barnim Blumberg (b Bln)
25%
Brandenburg Brandenburg-Altstadt
25%
Dahme-Spreewald Brand Tropical Islands
25%
Potsdam-Mittelmark Brück (Mark)
25%
Oberspreewald-Lausitz Calau (Niederlausitz)
25%
Potsdam Charlottenhof
25%
Cottbus Cottbus-Sandow
25%
Havelland Döberitz
25%
Elbe-Elster Doberlug-Kirchhain
25%
Havelland Elstal
25%
Elbe-Elster Elsterwerda-Biehla
25%
Oder-Spree Finkenheerd
25%
Frankfurt Frankfurt (O) Rosengarten
25%
Oberhavel Fürstenberg (Havel)
25%
Oder-Spree Fürstenwalde (Spree) Süd
25%
Oberhavel Gransee
25%
Potsdam Griebnitzsee
25%
Teltow-Fläming Großbeeren
25%
Oder-Spree Grunow (NL)
25%
Spree-Neiße Guben
25%
Oberhavel Hennigsdorf (b Bln)
25%
Märkisch-Oderland Herrensee
25%
Oberhavel Hohen Neuendorf West
25%
Barnim Joachimsthal Kaiserbahnhof
25%
Brandenburg Kirchmöser
25%
Oder-Spree Kraftwerk Finkenheerd
25%
Oberhavel Kremmen
25%
Oberspreewald-Lausitz Lauchhammer
25%
Teltow-Fläming Luckenwalde
25%
Potsdam-Mittelmark Marquardt
25%
Potsdam-Mittelmark Medienstadt Babelsberg
25%
Barnim Melchow
25%
Oder-Spree Müllrose
25%
Ostprignitz-Ruppin Neustadt (Dosse)
25%
Oberspreewald-Lausitz Ortrand
25%
Potsdam Park Sanssouci
25%
Uckermark Passow (Uckermark)
25%
Uckermark Petershagen (Uckermark)
25%
Potsdam-Mittelmark Pirschheide
25%
Elbe-Elster Prösen
25%
Elbe-Elster Prösen Ost
25%
Elbe-Elster Prösen West
25%
Ostprignitz-Ruppin Rheinsberg (Mark)
25%
Barnim Rüdnitz
25%
Oberspreewald-Lausitz Ruhland
25%
Potsdam-Mittelmark Saarmund
25%
Oberhavel Sachsenhausen (Nordb)
25%
Uckermark Schönow (Uckermark)
25%
Uckermark Schwedt (Oder) Mitte
25%
Spree-Neiße Spremberg
25%
Uckermark Tantow
25%
Teltow-Fläming Thyrow
25%
Teltow-Fläming Trebbin
25%
Oberspreewald-Lausitz Vetschau
25%
Barnim Wandlitz
25%
Barnim Wandlitzsee
25%
Oberhavel Wensickendorf
25%
Märkisch-Oderland Werbig
25%
Märkisch-Oderland Wriezen
25%
Potsdam-Mittelmark Wusterwitz
25%
Oberhavel Zehdenick (Mark)
25%
Teltow-Fläming Zossen
25%
Oberspreewald-Lausitz Altdöbern
0%
Teltow-Fläming Altes Lager
0%
Barnim Althüttendorf
0%
Märkisch-Oderland Altranft
0%
Märkisch-Oderland Alt Rosenthal
0%
Oder-Spree Bad Saarow-Pieskow
0%
Prignitz Bad Wilsnack
0%
Spree-Neiße Bagenz
0%
Oberspreewald-Lausitz Bahnsdorf
0%
Potsdam-Mittelmark Baitz
0%
Oberhavel Bärenklau
0%
Barnim Basdorf
0%
Potsdam-Mittelmark Beelitz-Heilstätten
0%
Oberhavel Beetz-Sommerfeld
0%
Oberhavel Bergsdorf
0%
Oder-Spree Berkenbrück
0%
Dahme-Spreewald Bestensee
0%
Elbe-Elster Beutersitz
0%
Teltow-Fläming Birkengrund
0%
Teltow-Fläming Blönsdorf
0%
Barnim Blumberg-Rehhahn
0%
Ostprignitz-Ruppin Blumenthal (Mark)
0%
Prignitz Bölzke
0%
Potsdam-Mittelmark Borkheide
0%
Ostprignitz-Ruppin Breddin
0%
Havelland Brieselang
0%
Oder-Spree Briesen (Mark)
0%
Prignitz Brügge (Prignitz)
0%
Potsdam-Mittelmark Buchholz (Zauche)
0%
Oder-Spree Buckow (b Beeskow)
0%
Havelland Buschow
0%
Potsdam-Mittelmark Caputh-Geltow
0%
Potsdam-Mittelmark Caputh Schwielowsee
0%
Oder-Spree Coschen
0%
Cottbus Cottbus-Merzdorf
0%
Cottbus Cottbus-Willmersdorf Nord
0%
Teltow-Fläming Dabendorf
0%
Teltow-Fläming Dahlewitz
0%
Oberhavel Dannenwalde (Gransee)
0%
Dahme-Spreewald Drahnsdorf
0%
Oberspreewald-Lausitz Drebkau
0%
Potsdam-Mittelmark Elsholz
0%
Prignitz Falkenhagen Gewerbepark Prignitz
0%
Potsdam-Mittelmark Ferch-Lienewitz
0%
Elbe-Elster Fermerswalde
0%
Havelland Finkenkrug
0%
Elbe-Elster Finsterwalde (Niederlausitz)
0%
Potsdam-Mittelmark Fohrde
0%
Frankfurt Frankfurt (O)-Neuberesinchen
0%
Ostprignitz-Ruppin Fretzdorf
0%
Dahme-Spreewald Friedersdorf (b Königs W)
0%
Havelland Friesack (Mark)
0%
Prignitz Glöwen
0%
Oberspreewald Lausitz Gollmitz (Niederlausitz)
0%
Dahme-Spreewald Golßen (Niederlausitz)
0%
Barnim Golzow (b Eberswalde)
0%
Märkisch-Oderland Golzow (Oderbruch)
0%
Potsdam-Mittelmark Görden
0%
Märkisch-Oderland Gorgast
0%
Potsdam-Mittelmark Götz
0%
Dahme-Spreewald Groß Köris
0%
Potsdam-Mittelmark Groß Kreutz
0%
Prignitz Groß Pankow
0%
Oberspreewald-Lausitz Großräschen
0%
Barnim Groß Schönebeck (Schorfheide)
0%
Havelland Großwudicke
0%
Oberhavel Grüneberg
0%
Dahme-Spreewald Halbe
0%
Uckermark Hammelspring
0%
Oder-Spree Hangelsberg
0%
Ostprignitz-Ruppin Heiligengrabe
0%
Oder-Spree Helensee
0%
Elbe-Elster Hohenleipisch
0%
Oberspreewald-Lausitz Hosena
0%
Oder-Spree Hubertushöhe
0%
Oder-Spree Jacobsdorf (Mark)
0%
Spree-Neiße Jänschwalde
0%
Spree-Neiße Jänschwalde Ost
0%
Dahme-Spreewald Kablow
0%
Prignitz Karstädt
0%
Spree-Neiße Kerkwitz
0%
Barnim Klandorf
0%
Teltow-Fläming Klasdorf-Glashütte
0%
Spree-Neiße Klinge
0%
Barnim Klosterfelde
0%
Spree-Neiße Kolkwitz
0%
Spree-Neiße Kolkwitz Süd
0%
Oder-Spree Kummersdorf (b Storkow)
0%
Spree-Neiße Kunersdorf
0%
Märkisch-Oderland Küsterin-Kietz
0%
Ostprignitz-Ruppin Kyritz Am Bürgerpark
0%
Märkisch-Oderland Letschin
0%
Spree-Neiße Leuthen (b Cottbus)
0%
Ostprignitz-Ruppin Liebenthal (Prignitz)
0%
Oder-Spree Lindenberg (Mark)
0%
Ostprignitz-Ruppin Lindow (Mark)
0%
Barnim Lottschesee
0%
Dahme-Spreewald Lubolz
0%
Oberspreewald-Lausitz Luckaitztal
0%
Dahme-Spreewald Luckau-Uckro
0%
Teltow-Fläming Ludwigsfelde
0%
Teltow-Fläming Ludwigsfelde Struveshof
0%
Potsdam-Mittelmark Medewitz (Mark)
0%
Prignitz Meyenburg
0%
Potsdam-Mittelmark Michendorf
0%
Oder-Spree Mixdorf
0%
Havelland Mögelin
0%
Märkisch-Oderland Müncheberg (Mark)
0%
Oberhavel Nassenheide
0%
Havelland Nennhausen
0%
Ostprignitz-Ruppin Netzeband
0%
Spree-Neiße Neuhausen (b Cottbus)
0%
Teltow-Fläming Neuhof (b Zossen)
0%
Oberspreewald-Lausitz Neupetershain
0%
Ostprignitz-Ruppin Neuruppin Rheinsberger Tor
0%
Ostprignitz-Ruppin Neuruppin West
0%
Märkisch-Oderland Neutrebbin
0%
Oder-Spree Neuzelle
0%
Teltow-Fläming Niedergörsdorf
0%
Dahme-Spreewald Niederlehme
0%
Märkisch-Oderland Obersdorf
0%
Dahme-Spreewald Oderin
0%
Oder-Spree Oegeln
0%
Teltow-Fläming Oehna
0%
Havelland Paulinenaue
0%
Spree-Neiße Peitz Ost
0%
Oder-Spree Pillgram
0%
Elbe-Elster Plessa
0%
Havelland Premnitz Nord
0%
Havelland Premnitz Zentrum
0%
Potsdam-Mittelmark Pritzerbe
0%
Prignitz Pritzwalk-Hainholz
0%
Prignitz Pritzwalk West
0%
Oberspreewald-Lausitz Raddusch
0%
Teltow-Fläming Rangsdorf
0%
Potsdam-Mittelmark Rehbrücke
0%
Elbe-Elster Rehfeld (b Falkenberg,Elster)
0%
Märkisch-Oderland Rehfelde
0%
Ostprignitz-Ruppin Rosenwinkel
0%
Elbe-Elster Rückersdorf
0%
Barnim Ruhlsdorf-Zerpenschleuse
0%
Prignitz Sarnow
0%
Oder-Spree Schneeberg (Mark)
0%
Elbe-Elster Schönborn (b Doberlug)
0%
Barnim Schönerlinde
0%
Barnim Schönwalde (Barnim)
0%
Dahme-Spreewald Schönwalde (Spreewald)
0%
Oberhavel Schwante
0%
Oberspreewald-Lausitz Schwarzheide Ost
0%
Potsdam-Mittelmark Seddin
0%
Oberspreewald-Lausitz Sedlitz Ost
0%
Barnim Seefeld (Mark)
0%
Havelland Seegefeld
0%
Märkisch-Oderland Seelow-Gusow
0%
Oder-Spree Storkow (Mark)
0%
Spree-Neiße Teichland
0%
Märkisch-Oderland Trebnitz (Mark)
0%
Potsdam-Mittelmark Treuenbrietzen
0%
Potsdam-Mittelmark Treuenbrietzen Süd
0%
Elbe-Elster Uebigau
0%
Oberhavel Vehlefanz
0%
Oberhavel Velten (Mark)
0%
Oberhavel Vogelsang (Kr Oberhavel)
0%
Dahme-Spreewald Walddrehna
0%
Ostprignitz-Ruppin Walsleben
0%
Prignitz Weisen
0%
Oder-Spree Wellmitz
0%
Oder-Spree Wendisch Rietz
0%
Oder-Spree Wiesenau
0%
Potsdam-Mittelmark Wiesenburg (Mark)
0%
Potsdam-Mittelmark Wilhelmshorst
0%
Teltow-Fläming Woltersdorf (Nuthe-Urstromtal)
0%
Teltow-Fläming Wünsdorf-Waldstadt
0%
Ostprignitz-Ruppin Wustrau-Radensleben
0%
Prignitz Wutike
0%
Dahme-Spreewald Zeesen
0%
Oberhavel Zehdenick-Neuhof
0%
Teltow-Fläming Zellendorf
0%
Dahme-Spreewald Zernsdorf
0%
Oder-Spree Ziltendorf
0%
Oberhavel Zühlsdorf
0%
Keine übereinstimmenden Quizze gefunden
Verteilung der Resultate
Anzahl Personen mit jedem Resultat
Perzentil nach korrekt beantworteten Fragen
Ihre Resultats-Entwicklung
Sie haben dieses Quiz noch nicht gespielt